| Tag |
First Indicator |
Second Indicator |
Subfields |
| LEADER |
00000cam a22000001i 4500 |
| 001 |
in00004163021 |
| 005 |
20200117101129.0 |
| 006 |
m d f |
| 007 |
cr bn mmmapmmp |
| 008 |
180103s2016 mdu o f000 0 eng d |
| 035 |
|
|
|a chdc20171152
|
| 040 |
|
|
|a UMI
|b eng
|e rda
|c UMI
|d UtOrBLW
|
| 086 |
0 |
|
|a Y 4.F 49/20:114-106
|
| 110 |
1 |
|
|a United States.
|b Congress.
|b House.
|b Committee on Financial Services.
|b Subcommittee on Monetary Policy and Trade,
|e issuing body.
|0 http://id.loc.gov/authorities/names/no2013088143
|
| 245 |
1 |
4 |
|a The Financial Stability Board's Implications for U.S. Growth and Competitiveness.
|
| 264 |
|
1 |
|a Bethesda, Md. :
|b ProQuest,
|c 2016.
|
| 300 |
|
|
|a 84 pages, digital, PDF file
|
| 336 |
|
|
|a text
|2 rdacontent
|b txt
|
| 337 |
|
|
|a computer
|b c
|2 rdamedia
|
| 338 |
|
|
|a online resource
|2 rdacarrier
|b cr
|
| 500 |
|
|
|a Record is based on bibliographic data in ProQuest U.S. Congressional Hearings Digital Collection. Reuse except for individual research requires license from ProQuest, LLC.
|
| 533 |
|
|
|a Electronic reproduction.
|b [Bethesda, Md.] :
|c ProQuest,
|d 2017.
|e digital, PDF file.
|n ProQuest Congressional Hearings Digital Collection.
|n Mode of access: World Wide Web via ProQuest website.
|
| 538 |
|
|
|a System requirements: PDF reader software.
|
| 610 |
2 |
0 |
|a Financial Stability Board.
|0 http://id.loc.gov/authorities/names/no2010175345
|
| 650 |
|
0 |
|a International finance.
|0 http://id.loc.gov/authorities/subjects/sh85067405
|
| 650 |
|
0 |
|a Finance
|x Law and legislation.
|0 http://id.loc.gov/authorities/subjects/sh85048259
|
| 776 |
0 |
8 |
|i Microfiche version:
|a United States. Congress. House. Committee on Financial Services. Subcommittee on Monetary Policy and Trade.
|t Financial Stability Board's Implications for U.S. Growth and Competitiveness
|o CIS 2017 H371-26
|w cis20173558
|
| 856 |
4 |
0 |
|u http://proxy.library.tamu.edu/login?url=http://search.proquest.com/congcomp/getdoc?HEARING-ID=HRG-2016-HFS-0024
|y Electronic resource (PDF)
|z CIS 2017-H371-26
|t 0
|
| 998 |
|
|
|a cis20173558
|
| 999 |
f |
f |
|s cc17bea7-e182-398b-8912-47d10389fed3
|i 9e19de62-1f99-30f0-916b-daaefd3fb4a8
|t 0
|
| 952 |
f |
f |
|a Texas A&M University
|b College Station
|c Electronic Resources
|d Available Online
|t 0
|e Y 4.F 49/20:114-106
|h Superintendent of Documents classification
|
| 998 |
f |
f |
|a Y 4.F 49/20:114-106
|t 0
|l Available Online
|